| 000 | 00537cam3a220018100 4500 | ||
|---|---|---|---|
| 001 | tmp16044015 | ||
| 003 | UPRA | ||
| 005 | 20190815094423.0 | ||
| 008 | 951129s1991 sa eng u | ||
| 035 | _a(Sirsi) r75477 | ||
| 035 | _a(UPRA)tmp16044015 | ||
| 040 | _cUPRA | ||
| 100 | 1 |
_aMoll, Eugene John. _6A35882.1 |
|
| 245 | 1 | 0 |
_aDongas and dogma : _bassessing apartheid's ecological impact / _cE.J. Moll. |
| 260 |
_aCapetown : _bUniversity of Capetown, _c1991. |
||
| 949 |
_a(O8)U.C.N.SER/160 _wlcc _mMAIN _tBOOK _lON-SHELF |
||
| 004 | 75477 | ||
| 999 |
_c59595 _d59595 |
||